[Event "Mittelfrankenliga-B2b 0607"]
[Site "Mittelfranken"]
[Date "2007.01.28"]
[Round "5.8"]
[White "Zimmer, Frank2222"]
[Black "Jesenek, Leopold"]
[Result "1-0"]
[WhiteElo "1816"]
[BlackElo "1558"]
[PlyCount "65"]
[EventDate "2006.10.22"]
[EventType "team-tourn"]
[EventRounds "9"]
[EventCountry "GER"]
[SourceTitle "EXT 2011"]
[Source "ChessBase"]
[SourceDate "2010.11.26"]
[SourceVersion "1"]
[SourceVersionDate "2010.11.26"]
[SourceQuality "1"]
[WhiteTeam "Nuernberg SK 1911 II"]
[BlackTeam "Cadolzburg"]
[WhiteTeamCountry "GER"]
[BlackTeamCountry "GER"]

1. e4 e5 2. Nf3 Nc6 3. d4 exd4 4. c3 dxc3 5. Bc4 Nf6 6. Nxc3 Bb4 7. e5 Ng4 8. Bxf7+ Kxf7 9. Ng5+ Ke8 10. Qxg4 Qe7 11. 0-0 Bxc3 12. bxc3 d6 13. e6 Ne5 14. Qh3 h6 15. f4 Nc6 16. Qh5+ Kf8 17. f5 Ne5 18. Nh3 Kg8 19. Nf4 Qg5 20. Qxg5 hxg5 21. Nd5 c6 22. Nc7 Rb8 23. Bxg5 b6 24. e7 Bd7 25. Na6 Rh5 26. Nxb8 Be8 27. h4 Nf7 28. Na6 Nxg5 29. hxg5 Rxg5 30. Nc7 Kf7 31. Nxe8 Kxe8 32. Rae1 Rh5 33. Re6 1-0